Komentár k novým miestnym daniam

Transformácia miestnych poplatkov na miestne dane zákonom č. 582/2004 Z.z.. Komentár k novým miestnym daniam. Daň za psa, za užívanie verejného priestranstva, za ubytovanie, za predajné automaty, za nevýherné hracie prístroje, za vjazd a zotrvanie motorového vozidla v historickej časti mesta, za jad...

Descrizione completa

Salvato in:
Dettagli Bibliografici
Natura: Capitolo di libro
Lingua:slovacco
Soggetti:
Tags: Aggiungi Tag
Nessun Tag, puoi essere il primo ad aggiungerne!!

MARC

LEADER 00000naa$a2200000$$$4500
001 0026150
005 20241113104258.0
041 0 |a slo 
044 |a SK 
245 1 0 |a Komentár k novým miestnym daniam 
520 |a Transformácia miestnych poplatkov na miestne dane zákonom č. 582/2004 Z.z.. Komentár k novým miestnym daniam. Daň za psa, za užívanie verejného priestranstva, za ubytovanie, za predajné automaty, za nevýherné hracie prístroje, za vjazd a zotrvanie motorového vozidla v historickej časti mesta, za jadrové zariadenie. 
610 2 0 |a poplatky miestne 
610 2 0 |a dane miestne 
610 2 0 |a priestranstvo verejné 
610 2 0 |a zákony 
610 2 0 |a 2004 
610 2 0 |a Slovensko 
610 2 0 |a komentáre